Rehin : (Record no. 14131)

MARC details
000 -BAŞLIK
Sabit Uzunlukta Kontrol Alanı 00819nam a22002417a 4500
999 ## - SİSTEM KONTROL NUMARALARI (KOHA)
Koha Biblionumber 14131
Koha Biblioitemnumber 14131
003 - KONTROL NUMARASI IDENTIFIER
Denetim Alanı MIRAKIL
005 - SON İŞLEM TARİHİ VE ZAMANI
Denetim Alanı 20211214000618.0
008 - SABİT-BOY VERİ ELEMANLARI - GENEL BİLGİLER
Sabit Uzunlukta Kontrol Alanı 201023b tu ||||| |||| 00| 0 tur d
020 ## - ULUSLARARASI STANDART KİTAP NUMARASI
Uluslararası Standart Kitap Numarası 9786052365830
040 ## - KATALOGLAMA KAYNAK
Orijinal Kataloglama Ajansı TR-AnCHP
Metne Dönüştürmek Ajansı TR-AnCHP
041 ## - DİL KODU
Metin / Ses Parça Veya Ayrı Başlığın Dil Kodu tur
082 ## - DEWEY ONLU SINIFLANDIRMA NUMARASI
Sınıflandırma Numarası CHP 923.2
Ürün Numarası B36r 2018
100 1# - ANA GİRİŞ - KİŞİSEL İSİM
Kişisel Ad Berberoğlu, Enis
245 10 - BAŞLIK TABLOSU
Başlık Rehin :
Başlığın Kalan Maltepe cezaevi B-9 koğuş yazıları/
Sorumluluk Tablosu, Vb Enis Berberoğlu.
246 ## - UNVAN FORM VARYING
Başlık Doğru / Kısa Başlığı Maltepe cezaevi B-9 koğuş yazıları
260 ## - YAYIN, DAĞITIM, VB
Yayın, Dağıtım, Vb Yeri İstanbul:
Yayıncı, Dağıtıcı, Vs Adı Halk Kitabevi,
Yayın, Dağıtım, Vb Tarihi 2018.
300 ## - FİZİKSEL TANIM
Kapsam 272 s.;
Boyutlar 21 sm.
600 14 - KONU KATMA GİRİŞ - KURUMSAL ADI
9 (RLIN) 1918
Kişisel Ad Berberoğlu, Enis
Başlıklar Ve Bir Adla İlişkili Diğer Kelimeler CHP 26-27. Dönem Milletvekili
Bir Adıyla İlişkilendirilen Tarihler 1956-
Genel Alt Bölümü Denemeler
650 #0 - KONU KATMA GİRİŞ - TOPİKAL DÖNEM
Topikal Süreli Veya Coğrafi Ad Giriş Elemanı Siyaset ve yönetim
Genel Alt Bölümü Türkiye
9 (RLIN) 9
650 #0 - KONU KATMA GİRİŞ - TOPİKAL DÖNEM
9 (RLIN) 5055
Topikal Süreli Veya Coğrafi Ad Giriş Elemanı Siyasetçiler
Coğrafi Alt Bölümü Türkiye
Genel Alt Bölümü Çeşitli yazılar
740 ## - KATMA GİRİŞ - KONTROLSUZ İLGİLİ / ANALİTİK BAŞLIK
Kontrol Edilmeyen / İlgili Analitik Başlıktaki Maltepe cezaevi B-9 koğuş yazıları
942 ## - EKLENDİ GİRİŞ ELEMANLARI (KOHA)
Sınıflandırma Veya Raf Düzeni Kaynak Dewey Decimal Classification
Koha Öğesi Türü Books
Holdings
Kalıcı Konum Mevcut Konum Edinme Tarihi Toplam Check-Out'Lar Tam Çağrı Numarası Barkod Tarih Son Görülme İtibaren Geçerli Fiyatlar Koha Öğesi Türü
CHP Kütüphanesi CHP Kütüphanesi 10/23/2020   CHP 923.2 B36r 2018 019653 10/23/2020 10/23/2020 Books